[Event "Calvia Amateur op 16th"]
[Site "Calvia"]
[Date "2019.10.10"]
[Round "6"]
[White "Galiana Salom, Juan Ramon"]
[Black "Burdik, Lubomir"]
[Result "1/2-1/2"]
[WhiteElo "2236"]
[BlackElo "2132"]
[PlyCount "97"]
[EventDate "2019.10.05"]
[EventType "swiss"]
[EventRounds "9"]
[EventCountry "ESP"]
[SourceTitle "CBM 192 Extra"]
[Source "Chessbase"]
[SourceDate "2019.11.06"]
[SourceVersion "1"]
[SourceVersionDate "2019.11.06"]
[SourceQuality "1"]

1. e4 c6 2. d4 d5 3. Nc3 dxe4 4. Nxe4 Nd7 5. Nf3 Ngf6 6. Bd3 Nxe4 7. Bxe4 Nf6 8. Bd3 Bg4 9. c3 e6 10. h3 Bh5 11. Qe2 Bd6 12. Bg5 Qa5 13. Bd2 0-0 14. g4 Bg6 15. Bxg6 hxg6 16. 0-0 c5 17. c4 Qb6 18. Bc3 Rac8 19. Rad1 cxd4 20. Bxd4 Qc7 21. b3 Rfd8 22. Rd3 Nd7 23. Rfd1 Nc5 24. Bxc5 Bxc5 25. Kg2 a6 26. Qe4 Be7 27. Qe5 Rxd3 28. Qxc7 Rxc7 29. Rxd3 f6 30. Nh4 Kf7 31. f4 e5 32. fxe5 fxe5 33. Rf3+ Ke6 34. Nxg6 Bf6 35. Re3 b5 36. cxb5 axb5 37. Re2 Rc5 38. h4 Kf7 39. h5 Rd5 40. Kf3 Rc5 41. g5 e4+ 42. Kxe4 Rxg5 43. Rh2 Ke6 44. Rc2 Kd6 45. Rd2+ Kc5 46. Nf4 Re5+ 47. Kf3 Rf5 48. Ke4 Re5+ 49. Kf3 1/2-1/2

[Event "Calvia Amateur op 16th"]
[Site "Calvia"]
[Date "2019.10.09"]
[Round "5"]
[White "Burdik, Lubomir"]
[Black "Planas Gene, Juan"]
[Result "1-0"]
[WhiteElo "2132"]
[BlackElo "2028"]
[PlyCount "133"]
[EventDate "2019.10.05"]
[EventType "swiss"]
[EventRounds "9"]
[EventCountry "ESP"]
[SourceTitle "CBM 192 Extra"]
[Source "Chessbase"]
[SourceDate "2019.11.06"]
[SourceVersion "1"]
[SourceVersionDate "2019.11.06"]
[SourceQuality "1"]

1. d4 Nf6 2. c4 c5 3. Nf3 cxd4 4. Nxd4 e5 5. Nb5 d5 6. cxd5 Bc5 7. N5c3 0-0 8. e3 e4 9. Be2 Bf5 10. 0-0 Na6 11. a3 Nc7 12. b4 Bd6 13. Bb2 Qe7 14. Nd2 b5 15. Qb3 a6 16. Rfe1 Rfd8 17. Nf1 Be5 18. f4 Bxc3 19. Bxc3 Ncxd5 20. Bb2 Be6 21. Qc2 Rac8 22. Qb1 Nc3 23. Bxc3 Rxc3 24. Qb2 Rdc8 25. Rad1 h6 26. Rd2 Qc7 27. Red1 Ng4 28. Bxg4 Bxg4 29. Rd8+ Kh7 30. Rxc8 Qxc8 31. Rd2 Be6 32. Kf2 Qc4 33. Ng3 f5 34. Ne2 Rd3 35. Nd4 Rxd2+ 36. Qxd2 Bd7 37. Qc2 Qxc2+ 38. Nxc2 Kg6 39. Ke2 Kf6 40. Kd2 Ke6 41. Kc3 Kd5 42. Nd4 g6 43. Nb3 g5 44. g3 g4 45. Nc5 Bc8 46. a4 bxa4 47. Nxa4 Bd7 48. Nb6+ Kc6 49. Nc4 Be6 50. Na3 Kd5 51. Nc2 Bc8 52. Nd4 Bd7 53. Kb3 Bc8 54. b5 axb5 55. Nxb5 Kc5 56. Nd4 Bd7 57. Kc3 Bc8 58. Nb3+ Kd5 59. Kb4 Ke6 60. Kc5 Kf6 61. Kd6 Be6 62. Nc5 Ba2 63. Nd7+ Kf7 64. Ke5 Be6 65. Nc5 Bc8 66. Nb3 Be6 67. Nd4 1-0

[Event "Calvia Amateur op 16th"]
[Site "Calvia"]
[Date "2019.10.07"]
[Round "3"]
[White "Burdik, Lubomir"]
[Black "Ermachenko, Manuel"]
[Result "0-1"]
[WhiteElo "2132"]
[BlackElo "1968"]
[PlyCount "48"]
[EventDate "2019.10.05"]
[EventType "swiss"]
[EventRounds "9"]
[EventCountry "ESP"]
[SourceTitle "CBM 192 Extra"]
[Source "Chessbase"]
[SourceDate "2019.11.06"]
[SourceVersion "1"]
[SourceVersionDate "2019.11.06"]
[SourceQuality "1"]

1. Nf3 Nf6 2. c4 g6 3. Nc3 d5 4. d4 Bg7 5. Bg5 Ne4 6. Bf4 Nxc3 7. bxc3 0-0 8. e3 c5 9. Qb3 dxc4 10. Bxc4 cxd4 11. cxd4 Qa5+ 12. Ke2 Nc6 13. Rhd1 Qh5 14. Qb5 e5 15. dxe5 Bg4 16. Rac1 Bxe5 17. Rd5 Rae8 18. Rcd1 Re7 19. Rc5 Qf5 20. h3 Bxf3+ 21. gxf3 Qc2+ 22. Rd2 Nd4+ 23. Kf1 Qc1+ 24. Kg2 Nxb5 0-1

[Event "Calvia Amateur op 16th"]
[Site "Calvia"]
[Date "2019.10.05"]
[Round "1"]
[White "Burdik, Lubomir"]
[Black "Oliver Font, Jose Luis"]
[Result "1-0"]
[WhiteElo "2132"]
[BlackElo "1733"]
[PlyCount "115"]
[EventDate "2019.10.05"]
[EventType "swiss"]
[EventRounds "9"]
[EventCountry "ESP"]
[SourceTitle "CBM 192 Extra"]
[Source "Chessbase"]
[SourceDate "2019.11.06"]
[SourceVersion "1"]
[SourceVersionDate "2019.11.06"]
[SourceQuality "1"]

1. d4 Nf6 2. c4 c5 3. d5 b5 4. Nf3 d6 5. cxb5 a6 6. b6 Qxb6 7. Nc3 g6 8. e4 Nbd7 9. Be2 Bg7 10. 0-0 0-0 11. h3 a5 12. Re1 Ba6 13. Bxa6 Qxa6 14. a4 Rfb8 15. Nb5 Qb7 16. Ra3 Nb6 17. b3 Nfd7 18. Bf4 c4 19. Nfd4 cxb3 20. Qxb3 Nc5 21. Qa2 Qd7 22. Nc6 Rb7 23. Be3 Nbxa4 24. Bxc5 Nxc5 25. Rxa5 Re8 26. Ra7 Rxa7 27. Qxa7 Qxa7 28. Nbxa7 Kf8 29. f3 Nd3 30. Rb1 Ne5 31. Kf2 Nxc6 32. Nxc6 Bf6 33. Ke3 Ra8 34. Rb8+ Rxb8 35. Nxb8 Ke8 36. Kd3 h5 37. Kc4 h4 38. Kb5 Be5 39. Kc6 Bf4 40. Kc7 Bg3 41. Na6 Bf4 42. Kc8 Bg5 43. Nc7+ Kf8 44. Kd7 Bf4 45. Na6 Bd2 46. Nb8 Bg5 47. Nc6 Bf6 48. Nb4 g5 49. Nc6 g4 50. hxg4 Bg5 51. Nb4 Bf4 52. Nd3 Bd2 53. Nb2 Bf4 54. Nc4 Bg3 55. Ne3 Bf4 56. Nf5 Bg5 57. f4 Bxf4 58. Nxe7 1-0

[Event "CZE-chT2B 1718"]
[Site "Czech Republic"]
[Date "2018.02.11"]
[Round "8.1"]
[White "Rehorek, Martin"]
[Black "Burdik, Lubomir"]
[Result "1/2-1/2"]
[WhiteElo "2262"]
[BlackElo "2119"]
[PlyCount "88"]
[EventDate "2017.10.15"]
[EventType "team-tourn"]
[EventRounds "11"]
[EventCountry "CZE"]
[SourceTitle "EXT 2022"]
[Source "ChessBase"]
[SourceDate "2021.10.06"]
[SourceVersion "1"]
[SourceVersionDate "2021.10.06"]
[SourceQuality "1"]
[WhiteTeam "Mlada Boleslav"]
[BlackTeam "Zizkov"]
[WhiteTeamCountry "CZE"]
[BlackTeamCountry "CZE"]

1. e4 e6 2. d4 d5 3. Nd2 Nf6 4. e5 Nfd7 5. f4 c5 6. c3 Nc6 7. Ndf3 cxd4 8. cxd4 Bb4+ 9. Kf2 f6 10. g3 Nb6 11. a3 Be7 12. Bd3 a5 13. Ne2 a4 14. Bd2 Nc4 15. Rb1 Bd7 16. Qc2 Nxd2 17. Qxd2 Qb6 18. Kg2 Na5 19. Nc3 Nb3 20. Qe3 f5 21. Rhd1 h6 22. h4 g6 23. Bc2 Kf7 24. Rd3 Na5 25. Nd2 Rhc8 26. Qf2 Nc4 27. Nxc4 Rxc4 28. Qd2 Rc7 29. Bd1 Bb5 30. Rf3 Qa6 31. Nxb5 Qxb5 32. Be2 Qb6 33. Rc3 Rac8 34. Rxc7 Rxc7 35. Rd1 Rc6 36. Kf2 Bd8 37. Qd3 Qa7 38. Qb5 Bb6 39. Ke3 Bd8 40. Rd2 Be7 41. Bd1 Rc4 42. Be2 Rc6 43. Bd1 Rc4 44. Be2 Rc6 1/2-1/2

[Event "CZE-chT2B 1718"]
[Site "Czech Republic"]
[Date "2018.01.28"]
[Round "7.1"]
[White "Burdik, Lubomir"]
[Black "Voloshin, Leonid"]
[Result "1/2-1/2"]
[WhiteElo "2119"]
[BlackElo "2363"]
[PlyCount "52"]
[EventDate "2017.10.15"]
[EventType "team-tourn"]
[EventRounds "11"]
[EventCountry "CZE"]
[SourceTitle "EXT 2022"]
[Source "ChessBase"]
[SourceDate "2021.10.06"]
[SourceVersion "1"]
[SourceVersionDate "2021.10.06"]
[SourceQuality "1"]
[WhiteTeam "Zizkov"]
[BlackTeam "Litomerice"]
[WhiteTeamCountry "CZE"]
[BlackTeamCountry "CZE"]

1. Nf3 Nf6 2. c4 c5 3. Nc3 b6 4. g3 Bb7 5. Bg2 e6 6. 0-0 Be7 7. b3 0-0 8. Bb2 d6 9. d4 cxd4 10. Nxd4 Bxg2 11. Kxg2 a6 12. e3 Ra7 13. f4 Qc8 14. Qf3 Qb7 15. Rad1 Qxf3+ 16. Kxf3 Rc8 17. f5 Nc6 18. fxe6 Nxd4+ 19. exd4 fxe6 20. d5 e5 21. a4 Nd7 22. Ba3 Nc5 23. Rb1 Rac7 24. Bxc5 bxc5 25. Ne4 Rb7 26. Rf2 Rcb8 1/2-1/2

[Event "CZE-chT2B 1718"]
[Site "Czech Republic"]
[Date "2018.01.14"]
[Round "6.1"]
[White "Manik, Mikulas"]
[Black "Burdik, Lubomir"]
[Result "1-0"]
[WhiteElo "2415"]
[BlackElo "2119"]
[PlyCount "99"]
[EventDate "2017.10.15"]
[EventType "team-tourn"]
[EventRounds "11"]
[EventCountry "CZE"]
[SourceTitle "EXT 2022"]
[Source "ChessBase"]
[SourceDate "2021.10.06"]
[SourceVersion "1"]
[SourceVersionDate "2021.10.06"]
[SourceQuality "1"]
[WhiteTeam "Decin"]
[BlackTeam "Zizkov"]
[WhiteTeamCountry "CZE"]
[BlackTeamCountry "CZE"]

1. e4 e6 2. d4 d5 3. Nc3 Bb4 4. e5 c5 5. Bd2 cxd4 6. Nb5 Bf8 7. Nf3 Nc6 8. Nbxd4 Bc5 9. Nb3 Bb6 10. Bd3 f6 11. Qe2 fxe5 12. Nxe5 Nxe5 13. Qxe5 Nf6 14. 0-0-0 0-0 15. f4 Bd7 16. h3 Rc8 17. Rhf1 Qc7 18. Qxc7 Rxc7 19. Bb4 Re8 20. Bd6 Rcc8 21. Be5 Ba4 22. Rde1 Nd7 23. Bc3 a6 24. Rf3 Nc5 25. Nxc5 Bxc5 26. Be5 Bb5 27. Bxb5 axb5 28. Rg3 Bf8 29. Kb1 b4 30. c3 bxc3 31. Bxc3 Kf7 32. Rf3 Bd6 33. g4 Rc4 34. Be5 Bxe5 35. Rxe5 g6 36. a3 Rd8 37. f5 exf5 38. gxf5 g5 39. f6 d4 40. Rxg5 d3 41. Rg7+ Kf8 42. Rxh7 Rcc8 43. Rxd3 Rxd3 44. Rh8+ Kf7 45. Rxc8 Kxf6 46. Rc7 Rb3 47. Ka2 Rb6 48. b4 Ke5 49. Kb3 Kd6 50. Rh7 1-0

[Event "CZE-chT2A 1112"]
[Site "Czech Republic"]
[Date "2012.03.04"]
[Round "9"]
[White "Vasicek, Martin"]
[Black "Burdik, Lubomir"]
[Result "0-1"]
[WhiteElo "2152"]
[BlackElo "2208"]
[PlyCount "82"]
[EventDate "2011.10.09"]
[EventType "team-tourn"]
[EventRounds "11"]
[EventCountry "CZE"]
[SourceTitle "EXT 2013"]
[Source "ChessBase"]
[SourceDate "2012.11.22"]
[SourceVersion "1"]
[SourceVersionDate "2012.11.22"]
[SourceQuality "1"]
[WhiteTeam "Domazlice"]
[BlackTeam "Zizkov"]
[WhiteTeamCountry "CZE"]
[BlackTeamCountry "CZE"]

1. e4 e5 2. Nf3 Nc6 3. Bb5 a6 4. Ba4 Nf6 5. Bxc6 dxc6 6. d3 Bd6 7. Nbd2 0-0 8. b3 Nd7 9. Bb2 Re8 10. 0-0 Nf8 11. Nc4 Ng6 12. Kh1 f6 13. Ng1 Be6 14. g3 Qd7 15. Ne3 Bc5 16. Qe2 Bd4 17. c3 Bxe3 18. Qxe3 c5 19. Rad1 Qb5 20. Ne2 Rad8 21. c4 Qc6 22. Nc3 Qd6 23. Nd5 b6 24. f3 Bxd5 25. cxd5 c6 26. dxc6 Qxc6 27. Rc1 Qb5 28. Rc4 Rd7 29. Rfc1 Red8 30. R1c3 a5 31. a3 Rd6 32. b4 Rd4 33. Qe2 axb4 34. axb4 cxb4 35. Rxd4 exd4 36. Rc4 Ne5 37. Rxd4 Rxd4 38. Bxd4 Qxd3 39. Qa2+ b3 40. Qa8+ Kf7 41. Qb7+ Kg6 0-1

[Event "CZE-chT2A 1112"]
[Site "Czech Republic"]
[Date "2012.02.05"]
[Round "7.3"]
[White "Bauma, Jiri"]
[Black "Burdik, Lubomir"]
[Result "1-0"]
[WhiteElo "2215"]
[BlackElo "2208"]
[PlyCount "43"]
[EventDate "2011.10.09"]
[EventType "team-tourn"]
[EventRounds "11"]
[EventCountry "CZE"]
[SourceTitle "EXT 2013"]
[Source "ChessBase"]
[SourceDate "2012.11.22"]
[SourceVersion "1"]
[SourceVersionDate "2012.11.22"]
[SourceQuality "1"]
[WhiteTeam "Praha Dukla"]
[BlackTeam "Zizkov"]
[WhiteTeamCountry "CZE"]
[BlackTeamCountry "CZE"]

1. e4 e6 2. d4 d5 3. e5 c5 4. c3 Nc6 5. Nf3 Qb6 6. a3 c4 7. g3 f6 8. Bg2 fxe5 9. Nxe5 Nxe5 10. dxe5 Bc5 11. 0-0 Ne7 12. Nd2 0-0 13. b4 Bxf2+ 14. Kh1 Nf5 15. Qe2 Be3 16. g4 Bxd2 17. Bxd2 Ne7 18. Rxf8+ Kxf8 19. Rf1+ Kg8 20. Qf3 Kh8 21. Qf8+ Ng8 22. Rf7 1-0

[Event "CZE-chT2A 1112"]
[Site "Czech Republic"]
[Date "2012.01.08"]
[Round "5"]
[White "Borkovec, Milan"]
[Black "Burdik, Lubomir"]
[Result "1/2-1/2"]
[WhiteElo "2188"]
[BlackElo "2208"]
[PlyCount "128"]
[EventDate "2011.10.09"]
[EventType "team-tourn"]
[EventRounds "11"]
[EventCountry "CZE"]
[SourceTitle "EXT 2013"]
[Source "ChessBase"]
[SourceDate "2012.11.22"]
[SourceVersion "1"]
[SourceVersionDate "2012.11.22"]
[SourceQuality "1"]
[WhiteTeam "Tabor Sokol"]
[BlackTeam "Zizkov"]
[WhiteTeamCountry "CZE"]
[BlackTeamCountry "CZE"]

1. e4 e5 2. Nf3 Nc6 3. Bb5 a6 4. Ba4 Nf6 5. 0-0 Be7 6. Re1 b5 7. Bb3 d6 8. c3 0-0 9. h3 Bb7 10. d4 Re8 11. Nbd2 Bf8 12. a4 h6 13. Bc2 exd4 14. cxd4 Nb4 15. Bb1 c5 16. d5 Nd7 17. Nf1 f5 18. exf5 Nf6 19. Ne3 Nfxd5 20. Ra3 Nb6 21. Ng4 Nc4 22. Rxe8 Qxe8 23. Bxh6 Nxa3 24. bxa3 Nd5 25. Ng5 c4 26. f6 Nc3 27. Bh7+ Kh8 28. Bxg7+ Bxg7 29. fxg7+ Kxg7 30. Qd4+ Qe5 31. Qd2 Ne2+ 32. Kf1 Bxg2+ 33. Kxg2 Nf4+ 34. Kf3 Qxg5 35. Qd4+ Kxh7 36. Qe4+ Kg7 37. Qxa8 Nxh3 38. Qe4 d5 39. Qd4+ Kg6 40. axb5 axb5 41. Qb6+ Kg7 42. Qc7+ Kg6 43. Qd6+ Kh5 44. Nf6+ Kh4 45. Qg3+ Qxg3+ 46. fxg3+ Kg5 47. Nxd5 Kf5 48. Nc3 Ng5+ 49. Ke3 Ke5 50. g4 Nh7 51. Nxb5 Nf6 52. g5 Nd5+ 53. Kd2 Kf5 54. Nc3 Nc7 55. Ke3 Kxg5 56. Kd4 Kf6 57. Kc5 Ke7 58. Kc6 Kd8 59. Ne4 Kc8 60. Nd6+ Kb8 61. Nxc4 Ne6 62. a4 Ka7 63. Kb5 Nd4+ 64. Kb4 Ka6 1/2-1/2

[Event "Tatry op"]
[Site "Tatranske Zruby"]
[Date "2011.10.02"]
[Round "9"]
[White "Burdik, Lubomir"]
[Black "Sosovicka, Matej"]
[Result "1/2-1/2"]
[WhiteElo "2208"]
[BlackElo "1961"]
[PlyCount "41"]
[EventDate "2011.09.25"]
[EventType "swiss"]
[EventRounds "9"]
[EventCountry "SVK"]
[SourceTitle "CBM 144 Extra"]
[Source "ChessBase"]
[SourceDate "2011.10.28"]
[SourceVersion "1"]
[SourceVersionDate "2011.10.28"]
[SourceQuality "1"]

1. c4 e5 2. Nc3 Nf6 3. Nf3 Nc6 4. g3 d5 5. cxd5 Nxd5 6. Bg2 Nb6 7. 0-0 Be7 8. a3 0-0 9. b4 Be6 10. Rb1 f6 11. d3 Nd5 12. Qc2 a5 13. b5 Nd4 14. Nxd4 exd4 15. Nxd5 Bxd5 16. Bxd5+ Qxd5 17. Qxc7 Bd6 18. Qc2 Rfc8 19. Qb2 Rc3 20. e4 Qe6 21. Qd2 1/2-1/2

[Event "Tatry op"]
[Site "Tatranske Zruby"]
[Date "2011.10.01"]
[Round "8"]
[White "Burdik, Lubomir"]
[Black "Kovacs, Jozef"]
[Result "0-1"]
[WhiteElo "2208"]
[BlackElo "2008"]
[PlyCount "74"]
[EventDate "2011.09.25"]
[EventType "swiss"]
[EventRounds "9"]
[EventCountry "SVK"]
[SourceTitle "CBM 144 Extra"]
[Source "ChessBase"]
[SourceDate "2011.10.28"]
[SourceVersion "1"]
[SourceVersionDate "2011.10.28"]
[SourceQuality "1"]

1. d4 d5 2. c4 c6 3. Nc3 Nf6 4. e3 a6 5. Qc2 g6 6. Bd3 Bg7 7. b3 0-0 8. c5 Nbd7 9. f4 b6 10. cxb6 c5 11. Nf3 cxd4 12. Nxd4 Qxb6 13. Na4 Qb7 14. Ba3 Re8 15. 0-0 e5 16. Nc6 Ng4 17. Rae1 e4 18. Be2 Nxe3 19. Qc1 Nxf1 20. Kxf1 Nb6 21. Na5 Qb8 22. Nc6 Qc7 23. Ne7+ Rxe7 24. Bxe7 Qxc1 25. Rxc1 Nxa4 26. bxa4 Be6 27. Rc6 a5 28. Bb5 d4 29. Rd6 Rc8 30. Rd8+ Bf8 31. Rxc8 Bxc8 32. Bf6 Bc5 33. Bc6 Ba6+ 34. Bb5 Bxb5+ 35. axb5 Bb6 36. Ke2 Kf8 37. a4 Ke8 0-1

[Event "CZE-chT2A 1011"]
[Site "Czech Republic"]
[Date "2011.03.06"]
[Round "9.1"]
[White "Burdik, Lubomir"]
[Black "Trepka, Jan"]
[Result "1/2-1/2"]
[WhiteElo "2215"]
[BlackElo "2159"]
[PlyCount "39"]
[EventDate "2010.10.17"]
[EventType "team-tourn"]
[EventRounds "11"]
[EventCountry "CZE"]
[SourceTitle "EXT 2012"]
[Source "ChessBase"]
[SourceDate "2011.11.24"]
[SourceVersion "1"]
[SourceVersionDate "2011.11.24"]
[SourceQuality "1"]
[WhiteTeam "Zizkov"]
[BlackTeam "Tabor II"]
[WhiteTeamCountry "CZE"]
[BlackTeamCountry "CZE"]

1. d4 Nf6 2. c4 e6 3. g3 d5 4. Nf3 Be7 5. Bg2 0-0 6. 0-0 b6 7. Qc2 Bb7 8. cxd5 Nxd5 9. a3 c5 10. Rd1 Nd7 11. dxc5 Qc7 12. e4 N5f6 13. Nc3 Nxc5 14. Bf4 Qc8 15. Nd4 Rd8 16. Rac1 Ng4 17. Qe2 Rxd4 18. Qxg4 Rxd1+ 19. Rxd1 Qc6 20. Qe2 1/2-1/2

[Event "Tatry op"]
[Site "Tatranske Zruby"]
[Date "2010.10.05"]
[Round "5"]
[White "Tyda, Krzysztof"]
[Black "Burdik, Lubomir"]
[Result "0-1"]
[WhiteElo "2024"]
[BlackElo "2215"]
[PlyCount "132"]
[EventDate "2010.10.02"]
[EventType "swiss"]
[EventRounds "9"]
[EventCountry "SVK"]
[SourceTitle "CBM 138 Extra"]
[Source "ChessBase"]
[SourceDate "2010.10.29"]
[SourceVersion "1"]
[SourceVersionDate "2010.10.29"]
[SourceQuality "1"]

1. d4 Nf6 2. c4 e6 3. Nc3 Bb4 4. Qc2 b6 5. e4 Bb7 6. Bd3 Nc6 7. Nf3 d6 8. 0-0 Bxc3 9. Qxc3 Qe7 10. Bg5 h6 11. Bh4 g5 12. Bg3 0-0-0 13. d5 Nb8 14. Nd4 Nh5 15. b4 Nf4 16. Bxf4 gxf4 17. Be2 Rdg8 18. Qh3 Rg6 19. Bh5 Rg5 20. f3 Rhg8 21. Rf2 Nd7 22. Bxf7 Qxf7 23. dxe6 Qf6 24. exd7+ Kd8 25. Rd1 Re5 26. Re2 Rgg5 27. Kh1 Rh5 28. Qg4 Rhg5 29. Qh4 Kxd7 30. c5 bxc5 31. bxc5 Rxc5 32. Qh3+ Ke7 33. Nf5+ Kd8 34. Rde1 Bc8 35. g4 fxg3 36. hxg3 Bxf5 37. exf5 Qxf5 38. Re8+ Kd7 39. R1e7+ Kc6 40. Qf1 Rh5+ 41. Kg1 Rb5 42. Qc4+ Qc5+ 43. Qxc5+ Rhxc5 44. g4 Rb2 45. Re2 Rc1+ 46. Kf2 Rcc2 47. Rxc2+ Rxc2+ 48. Kg3 d5 49. Re6+ Kd7 50. Ra6 d4 51. Rxa7 Kd6 52. Kf4 Kd5 53. a4 c5 54. a5 Kc4 55. a6 Kd3 56. Rh7 c4 57. Rxh6 Ra2 58. g5 c3 59. Rc6 c2 60. Ke5 Rxa6 61. Rc7 Ra5+ 62. Kf6 Kd2 63. g6 c1Q 64. Rxc1 Kxc1 65. g7 Ra8 66. Ke5 d3 0-1

[Event "Tatry op"]
[Site "Tatranske Zruby"]
[Date "2010.10.02"]
[Round "1"]
[White "Hujo, Jozef"]
[Black "Burdik, Lubomir"]
[Result "1/2-1/2"]
[WhiteElo "2094"]
[BlackElo "2215"]
[PlyCount "36"]
[EventDate "2010.10.02"]
[EventType "swiss"]
[EventRounds "9"]
[EventCountry "SVK"]
[SourceTitle "CBM 138 Extra"]
[Source "ChessBase"]
[SourceDate "2010.10.29"]
[SourceVersion "1"]
[SourceVersionDate "2010.10.29"]
[SourceQuality "1"]

1. c4 Nf6 2. Nc3 c5 3. Nf3 d5 4. cxd5 Nxd5 5. g3 Nc6 6. Bg2 Nc7 7. 0-0 e5 8. d3 Be7 9. Be3 Be6 10. Rc1 Qd7 11. Ng5 Bxg5 12. Bxg5 Rc8 13. Ne4 b6 14. Rxc5 bxc5 15. Nxc5 Qd6 16. Nb7 Qd7 17. Nc5 Qd6 18. Nb7 Qd7 1/2-1/2

[Event "CZE-chT2A 0910"]
[Site "Czech Republic"]
[Date "2010.01.17"]
[Round "5.1"]
[White "Roj, Miroslav"]
[Black "Burdik, Lubomir"]
[Result "1/2-1/2"]
[WhiteElo "2163"]
[BlackElo "2241"]
[PlyCount "35"]
[EventDate "2009.10.18"]
[EventType "team-tourn"]
[EventRounds "11"]
[EventCountry "CZE"]
[SourceTitle "EXT 2012"]
[Source "ChessBase"]
[SourceDate "2011.11.24"]
[SourceVersion "1"]
[SourceVersionDate "2011.11.24"]
[SourceQuality "1"]
[WhiteTeam "Pisek Platan"]
[BlackTeam "Zizkov"]
[WhiteTeamCountry "CZE"]
[BlackTeamCountry "CZE"]

1. d4 d5 2. Nf3 Nf6 3. c4 dxc4 4. e3 e6 5. Bxc4 c5 6. 0-0 a6 7. Bb3 Nc6 8. Qe2 cxd4 9. Rd1 Be7 10. exd4 0-0 11. Nc3 Nd5 12. Nxd5 exd5 13. Ne5 Bf6 14. Bf4 Bf5 15. Rac1 Re8 16. Qd2 Rc8 17. Ba4 Qb6 18. Be3 1/2-1/2

[Event "CZE-chT2A 0910"]
[Site "Czech Republic"]
[Date "2009.11.22"]
[Round "3.1"]
[White "Fiala, Robert"]
[Black "Burdik, Lubomir"]
[Result "0-1"]
[WhiteElo "2313"]
[BlackElo "2241"]
[PlyCount "76"]
[EventDate "2009.10.18"]
[EventType "team-tourn"]
[EventRounds "11"]
[EventCountry "CZE"]
[SourceTitle "EXT 2012"]
[Source "ChessBase"]
[SourceDate "2011.11.24"]
[SourceVersion "1"]
[SourceVersionDate "2011.11.24"]
[SourceQuality "1"]
[WhiteTeam "Plzen Letna"]
[BlackTeam "Zizkov"]
[WhiteTeamCountry "CZE"]
[BlackTeamCountry "CZE"]

1. d4 Nf6 2. Nc3 d5 3. Bg5 b6 4. Bxf6 exf6 5. g3 Bb4 6. Qd2 0-0 7. a3 Bxc3 8. Qxc3 Re8 9. Bg2 Ba6 10. a4 Qd6 11. a5 Nd7 12. e3 f5 13. Nh3 Nf6 14. Nf4 Ne4 15. Qa3 Qc6 16. Rc1 Rab8 17. axb6 Rxb6 18. c4 dxc4 19. 0-0 Qb5 20. Ra1 Bb7 21. Qxa7 Ra8 22. Qxb7 Rxb7 23. Rxa8+ Rb8 24. Rfa1 g6 25. R8a2 Qb3 26. Nd5 Qc2 27. Bxe4 fxe4 28. b4 Qd3 29. Rc1 Kg7 30. Rac2 c6 31. Nf4 Qa3 32. Rxc4 Rxb4 33. Rxc6 Rb2 34. Nd5 Rd2 35. Nf6 Qd3 36. Kg2 Qxe3 37. Rf1 Qf3+ 38. Kg1 e3 0-1

[Event "CZE-chT2A 0910"]
[Site "Czech Republic"]
[Date "2009.11.08"]
[Round "2.1"]
[White "Burdik, Lubomir"]
[Black "Vybiral, Zdenek"]
[Result "1-0"]
[WhiteElo "2241"]
[BlackElo "2260"]
[PlyCount "73"]
[EventDate "2009.10.18"]
[EventType "team-tourn"]
[EventRounds "11"]
[EventCountry "CZE"]
[SourceTitle "EXT 2012"]
[Source "ChessBase"]
[SourceDate "2011.11.24"]
[SourceVersion "1"]
[SourceVersionDate "2011.11.24"]
[SourceQuality "1"]
[WhiteTeam "Zizkov"]
[BlackTeam "Tabor"]
[WhiteTeamCountry "CZE"]
[BlackTeamCountry "CZE"]

1. d4 Nf6 2. c4 g6 3. Nc3 Bg7 4. e4 d6 5. f3 0-0 6. Be3 e5 7. Nge2 Nbd7 8. Qd2 c6 9. d5 cxd5 10. cxd5 a6 11. g4 h5 12. g5 Nh7 13. Rg1 f6 14. gxf6 Rxf6 15. Nc1 Ndf8 16. Be2 Rf7 17. Nd3 Bd7 18. 0-0-0 Rc8 19. Kb1 Qa5 20. a3 Be8 21. Na2 Qa4 22. Rc1 Rfc7 23. Bb6 Rc4 24. Rxc4 Rxc4 25. Nc3 Qb3 26. Be3 Rc8 27. Nc1 Rxc3 28. Nxb3 Rxb3 29. Ka2 Rb5 30. Bxb5 Bxb5 31. b3 Nf6 32. a4 Bd7 33. Qb4 b5 34. Qxd6 bxa4 35. Qxa6 axb3+ 36. Kxb3 Ne8 37. Bc5 1-0

[Event "CZE-chT2A 0809"]
[Site "Czech Republic"]
[Date "2009.04.05"]
[Round "11.1"]
[White "Burdik, Lubomir"]
[Black "Palek, Miroslav"]
[Result "1/2-1/2"]
[WhiteElo "2262"]
[BlackElo "2263"]
[PlyCount "45"]
[EventDate "2008.10.12"]
[EventType "team-tourn"]
[EventRounds "11"]
[EventCountry "CZE"]
[SourceTitle "EXT 2010"]
[Source "ChessBase"]
[SourceDate "2010.11.25"]
[SourceVersion "1"]
[SourceVersionDate "2010.11.25"]
[SourceQuality "1"]
[WhiteTeam "Zizkov"]
[BlackTeam "Plzen Sokol II"]
[WhiteTeamCountry "CZE"]
[BlackTeamCountry "CZE"]

1. c4 Nf6 2. Nc3 e5 3. Nf3 d6 4. d4 exd4 5. Nxd4 g6 6. g3 Bd7 7. Bg2 Nc6 8. 0-0 Bg7 9. Nxc6 Bxc6 10. Nd5 Nxd5 11. cxd5 Bd7 12. Qb3 0-0 13. Bd2 c5 14. dxc6 bxc6 15. Bc3 Re8 16. Bxg7 Kxg7 17. Qc3+ Qf6 18. Qxf6+ Kxf6 19. Rfd1 Rxe2 20. Rxd6+ Ke7 21. Rad1 Be6 22. Rxc6 Rb8 23. Rc7+ 1/2-1/2

[Event "CZE-chT2A 0809"]
[Site "Czech Republic"]
[Date "2009.02.22"]
[Round "9.1"]
[White "Burdik, Lubomir"]
[Black "Hinks Edwards, Thomas RJ"]
[Result "1/2-1/2"]
[WhiteElo "2262"]
[BlackElo "2377"]
[PlyCount "70"]
[EventDate "2008.10.12"]
[EventType "team-tourn"]
[EventRounds "11"]
[EventCountry "CZE"]
[SourceTitle "EXT 2010"]
[Source "ChessBase"]
[SourceDate "2010.11.25"]
[SourceVersion "1"]
[SourceVersionDate "2010.11.25"]
[SourceQuality "1"]
[WhiteTeam "Zizkov"]
[BlackTeam "Kobylisy"]
[WhiteTeamCountry "CZE"]
[BlackTeamCountry "CZE"]

1. c4 Nf6 2. Nc3 c5 3. Nf3 b6 4. e4 Bb7 5. Bd3 Nc6 6. Bc2 e5 7. 0-0 g6 8. Ba4 d6 9. d3 Bg7 10. Nd5 Nh5 11. Bg5 f6 12. Bd2 0-0 13. Bxc6 Bxc6 14. a3 Bd7 15. b4 h6 16. Nh4 Be8 17. Qg4 Kh7 18. bxc5 dxc5 19. Rab1 Qc8 20. Qxc8 Rxc8 21. g3 Rd8 22. a4 Bxa4 23. Ra1 b5 24. Rfc1 Rf7 25. Ra3 Bf8 26. Be3 f5 27. cxb5 Bxb5 28. Bxc5 Rc8 29. Rac3 Rxc5 30. Rxc5 Bxc5 31. Rxc5 Bxd3 32. exf5 gxf5 33. Nb4 Be4 34. f3 Bb7 35. Rxe5 Ng7 1/2-1/2